000 00394cam a2200169 4500
001 D12487
008 090401t1950 xxu||||| |||| 00| 0 eng d
035 _a(Sirsi) u3777
041 _aeng
110 _aThe Country Landowners` Assoc
_9471
245 _aSecond course in estate management
260 _bCLA
_c1950
350 _a0
520 _aShelf 114
942 _n0
948 _c04/03/1997
999 _c85936
_d85936